| 000 | 00647nam a22001937a 4500 | ||
|---|---|---|---|
| 999 |
_c166343 _d166343 |
||
| 005 | 20190722123603.0 | ||
| 010 | _aENG-126023 | ||
| 020 |
_a9788178441986 _c1495.00 |
||
| 035 | _aEN-109555 | ||
| 037 | _bDBAD/PUB | ||
| 082 | _a301.32 | ||
| 100 | _aGajanafar Alam | ||
| 245 |
_aPopulation and society / _cby Gajanafar Alam |
||
| 260 |
_aNew Delhi _bR.K. Pulblications _c2018 |
||
| 270 |
_a4806/24, Bharat Ram Road, Darya Ganj _bNew Delhi _e110002 _k011-23285167, 65185557 _minfo@kkpublications.com |
||
| 300 |
_aviii,288p. _c25cm(Hb) |
||
| 500 | _aIncludes bibliographical references and index | ||
| 942 |
_2ddc _cEN _h301.32 _mGAJ |
||